000 00464nam a22001697a 4500
003 OSt
005 20260306010049.0
008 260306b |||||||| |||| 00| 0 eng d
020 _a9781250371379
040 _aDWCL - Main Lib.
_cOC
082 _aF T357w 2024
100 _aThao, Dustin
245 _aWhen Haru was here /
_cDustin Thao
260 _aNew York :
_bWednesday Books,
_cc2024.
300 _a293 pages :
_billustrations ;
_c21cm.
942 _2ddc
_cFIC.
_n0
999 _c8641
_d8641